Acta de la Junta General celebrada en 31 de julio de 1893 / (Record no. 27253)

MARC details
000 -LEADER
campo de control de longitud fija 00444nam a2200133 i 4500
001 - NÚMERO DE CONTROL
campo de control 27253
003 - IDENTIFICADOR DE NÚMERO DE CONTROL
campo de control ES-MaACL
007 - CAMPO FIJO DE DESCRIPCIÓN FÍSICA--INFORMACIÓN GENERAL
campo de control de longitud fija t|
008 - DATOS DE LONGITUD FIJA--INFORMACIÓN GENERAL
campo de control de longitud fija 030114s1893 pr ||||1| spa d
110 2# - ENTRADA PRINCIPAL--NOMBRE DE ENTIDAD CORPORATIVA
Nombre de entidad corporativa o nombre de jurisdicción como elemento de entrada Asociación de Agricultores de Puerto Rico.
9 (RLIN) 1551
245 10 - MENCIÓN DEL TÍTULO
Título Acta de la Junta General celebrada en 31 de julio de 1893 /
Mención de responsabilidad, etc. Asociación de Agricultores de Puerto Rico.
260 ## - PUBLICACIÓN, DISTRIBUCIÓN, ETC.
Lugar de publicación, distribución, etc. Puerto Rico :
Nombre del editor, distribuidor, etc. [s.n.,
Fecha de publicación, distribución, etc. 1893] (
Fabricante Acosta)
852 ## - LOCALIZACIÓN
Ubicación ES-MaACL
Número de control de estantería T-677-F-6
Holdings
Estatus retirado Estado de pérdida Estado de daño No para préstamo Colección Biblioteca de origen Biblioteca actual Ubicación en estantería Fecha de adquisición Fuente de adquisición Total de préstamos Signatura topográfica completa Código de barras Visto por última vez Precio de reemplazo Tipo de ítem Koha
        Colección de folletos Biblioteca del Ateneo de Madrid Biblioteca del Ateneo de Madrid Depósito folletos 17/01/2008     T-677-F-6 1028129 23/02/2023 23/02/2023 Folleto